Military engineering Volume -ii field engineering (Record no. 546813)
[ view plain ]
| 000 -LEADER | |
|---|---|
| fixed length control field | 00419 a2200121 4500 |
| 082 ## - DEWEY DECIMAL CLASSIFICATION NUMBER | |
| Classification number | 624.1771 |
| Author Mark | BAS |
| 110 ## - MAIN ENTRY--CORPORATE NAME | |
| Corporate name or jurisdiction name as entry element | Ministry of defence |
| 9 (RLIN) | 43007 |
| 245 ## - TITLE STATEMENT | |
| Title | Military engineering Volume -ii field engineering |
| Remainder of title | pamphlet no. 10 basic structure for operations |
| 260 ## - PUBLICATION, DISTRIBUTION, ETC. | |
| Place of publication, distribution, etc. | LONDON |
| Name of publisher, distributor, etc. | HIS MAJESTY'S STATIONERY OFFICE |
| 500 ## - GENERAL NOTE | |
| General note | MAJESTY'S STATIONERY OFFICE |
| 526 ## - STUDY PROGRAM INFORMATION NOTE | |
| Program name | 0 |
| Interest level | 0 |
| Reading level | 0 |
| Title point value | 624_177100000000000_BAS |
| 942 ## - ADDED ENTRY ELEMENTS (KOHA) | |
| Source of classification or shelving scheme | |
| Koha item type | Book |
| Withdrawn status | Lost status | Source of classification or shelving scheme | Damaged status | Not for loan | Permanent Location | Current Location | Date acquired | Total Checkouts | Full call number | Barcode | Date last seen | Price effective from | Koha item type |
|---|---|---|---|---|---|---|---|---|---|---|---|---|---|
| Military College of Engineering (MCE) | Military College of Engineering (MCE) | 06/20/2014 | 624.1771 BAS | MCE-34943 | 06/20/2014 | 06/20/2014 | Book |
